[Event "España ch 2010 sub18"]
[Site "Linares ESP"]
[Date "2010.07.28"]
[Round "5.11"]
[White "Moral Garcia, Serafin"]
[Black "Martinez Ramirez, Erik"]
[Result "0-1"]
[WhiteElo "2084"]
[BlackElo "2216"]
[PlyCount "110"]
[EventDate "2010.07.26"]
[EventType "swiss"]
[EventRounds "9"]
[EventCountry "ESP"]
[Source "lmi"]
[SourceDate "2010.07.26"]

1. e4 c5 2. Nf3 Nc6 3. Bb5 g6 4. O-O Bg7 5. Re1 Nf6 6. e5 Nd5 7. Nc3 Nc7 8.
Bxc6 dxc6 9. Ne4 Ne6 10. d3 O-O 11. Be3 b6 12. Qd2 f5 13. exf6 exf6 14. Bh6 a5
15. Bxg7 Kxg7 16. Qc3 Ra7 17. a4 Rd7 18. Nxf6 Qxf6 19. Rxe6 Qxc3 20. bxc3 Rxd3
21. Rxg6+ hxg6 22. cxd3 Bf5 23. Ne5 Kf6 24. f4 g5 25. g3 gxf4 26. gxf4 Rg8+ 27.
Kf2 Rh8 28. Kg3 Rh3+ 29. Kg2 Rh4 30. Kg3 Rh3+ 31. Kg2 Rh4 32. Nxc6 Rxf4 33. Kg3
Rg4+ 34. Kf3 Rh4 35. Rb1 Rh3+ 36. Kf4 Rh4+ 37. Kg3 Rh3+ 38. Kg2 Rxd3 39. Rxb6
Rd6 40. Kf2 Kg5 41. Ra6 Bc8 42. Rb6 Bd7 43. Ne5 Rxb6 44. Nxd7 Rc6 45. Ke3 Kf5
46. h4 Ke6 47. Nf8+ Kd5 48. h5 Rh6 49. Nd7 Kc4 50. Ke4 Rxh5 51. Nf6 Rh4+ 52.
Ke5 Kxc3 53. Kd5 Kb4 54. Nd7 Rd4+ 55. Kc6 Rxd7 0-1

[Event "España ch 2010 sub18"]
[Site "Linares ESP"]
[Date "2010.07.28"]
[Round "5.12"]
[White "Salido Polo, Veronica"]
[Black "Vazquez Torres, Adrian"]
[Result "0-1"]
[WhiteElo "1984"]
[BlackElo "2210"]
[PlyCount "68"]
[EventDate "2010.07.26"]
[EventType "swiss"]
[EventRounds "9"]
[EventCountry "ESP"]
[Source "lmi"]
[SourceDate "2010.07.26"]

1. e4 c5 2. Nf3 d6 3. d4 cxd4 4. Nxd4 Nf6 5. Nc3 Nc6 6. h3 e5 7. Nde2 Be6 8. g4
Be7 9. Bg2 h5 10. g5 Nd7 11. O-O Bxg5 12. Qxd6 Be7 13. Qd1 Nb6 14. Nd5 Bc5 15.
Kh2 O-O 16. f4 f5 17. fxe5 Nxe5 18. Nef4 fxe4 19. Nxe6 Rxf1 20. Bxf1 Qh4 21.
Qe2 Bf2 22. Ne7+ Qxe7 23. Qxf2 Qxe6 24. Be2 Rf8 25. Qh4 Nf3+ 26. Bxf3 exf3 27.
Qf2 Qd6+ 28. Kh1 Qd1+ 29. Kh2 Re8 30. Kg3 Qd6+ 31. Bf4 h4+ 32. Kxf3 Qd5+ 33.
Kg4 Rf8 34. Kxh4 g5+ 0-1

[Event "España ch 2010 sub18"]
[Site "Linares ESP"]
[Date "2010.07.28"]
[Round "5.13"]
[White "Collado Barbas, Laura"]
[Black "De Nacimiento Montaño, Angel"]
[Result "1-0"]
[WhiteElo "2051"]
[BlackElo "2193"]
[PlyCount "77"]
[EventDate "2010.07.26"]
[EventType "swiss"]
[EventRounds "9"]
[EventCountry "ESP"]
[Source "lmi"]
[SourceDate "2010.07.26"]

1. d4 d5 2. c4 c6 3. Nf3 e6 4. cxd5 cxd5 5. e3 Nf6 6. Bd3 Bd6 7. O-O O-O 8. Nc3
Nbd7 9. b3 e5 10. Nb5 Bb8 11. dxe5 Nxe5 12. Nbd4 Nxf3+ 13. Nxf3 Bg4 14. Ba3 Re8
15. Rc1 a6 16. Re1 Bc7 17. Bb4 Ba5 18. Bxa5 Qxa5 19. Qd2 Qb6 20. Nd4 Ne4 21.
Qb2 Bh5 22. Nf5 f6 23. Ng3 Bg6 24. Nxe4 dxe4 25. Bc4+ Kh8 26. Red1 Red8 27. Qa3
f5 28. Qe7 f4 29. exf4 Re8 30. Qd6 Qa5 31. Qd2 Qf5 32. Qe3 Bh5 33. Rd5 Qg6 34.
Rg5 Qh6 35. Qh3 Re5 36. Qh4 Rxg5 37. fxg5 Qc6 38. Qxh5 b5 39. g6 1-0

[Event "España ch 2010 sub18"]
[Site "Linares ESP"]
[Date "2010.07.28"]
[Round "5.14"]
[White "Aranaz Murillo, Amalia"]
[Black "Silva Rodriguez, Julio"]
[Result "0-1"]
[WhiteElo "2190"]
[BlackElo "2126"]
[PlyCount "80"]
[EventDate "2010.07.26"]
[EventType "swiss"]
[EventRounds "9"]
[EventCountry "ESP"]
[Source "lmi"]
[SourceDate "2010.07.26"]

1. Nf3 Nf6 2. c4 c6 3. d4 d5 4. Qc2 dxc4 5. Qxc4 Bg4 6. Nbd2 Nbd7 7. g3 e6 8.
Bg2 Be7 9. O-O Bh5 10. Qb3 Qb6 11. Nc4 Qa6 12. Re1 O-O 13. Bf4 Rfd8 14. Bc7
Rdc8 15. Bd6 Bxd6 16. Nxd6 Rc7 17. e4 Qb6 18. Qxb6 Nxb6 19. Nd2 Rd7 20. e5 Ne8
21. Nxe8 Rxe8 22. Nb3 Nc4 23. Rab1 Bg6 24. Be4 Bxe4 25. Rxe4 Red8 26. Re2 b5
27. Rc2 a5 28. a4 bxa4 29. Rxc4 axb3 30. Rxc6 Rxd4 31. Ra1 Rd1+ 32. Rxd1 Rxd1+
33. Kg2 g6 34. Rb6 a4 35. Rb4 Ra1 36. h4 h5 37. Kf3 Ra2 38. Rb8+ Kg7 39. Ra8
Ra1 40. Kf4 a3 0-1

[Event "España ch 2010 sub18"]
[Site "Linares ESP"]
[Date "2010.07.28"]
[Round "5.15"]
[White "Colon Garcia, Enrique"]
[Black "Pozueta Alegria, Adrian"]
[Result "1-0"]
[WhiteElo "2314"]
[BlackElo "2089"]
[PlyCount "63"]
[EventDate "2010.07.26"]
[EventType "swiss"]
[EventRounds "9"]
[EventCountry "ESP"]
[Source "lmi"]
[SourceDate "2010.07.26"]

1. e4 c5 2. Nf3 d6 3. d4 cxd4 4. Nxd4 Nf6 5. Nc3 e6 6. Be2 a6 7. a4 Be7 8. O-O
O-O 9. Be3 Nc6 10. f4 Qc7 11. Kh1 Bd7 12. Nb3 b6 13. Bf3 Rab8 14. g4 Bc8 15. g5
Nd7 16. Bg2 Re8 17. Qh5 g6 18. Qh4 Bf8 19. Rad1 Bb7 20. Bc1 Nc5 21. Rf3 Nb4 22.
Rh3 h5 23. gxh6 Nxc2 24. Nxc5 bxc5 25. f5 exf5 26. exf5 Bxg2+ 27. Kxg2 Qc6+ 28.
Kg1 Rb4 29. Qg5 Re5 30. h7+ Kh8 31. Qf6+ Bg7 32. Qxg7+ 1-0

[Event "España ch 2010 sub18"]
[Site "Linares ESP"]
[Date "2010.07.29"]
[Round "6.1"]
[White "Arribas Lopez, Angel"]
[Black "Espinosa Aranda, Angel"]
[Result "1/2-1/2"]
[WhiteElo "2442"]
[BlackElo "2397"]
[PlyCount "109"]
[EventDate "2010.07.26"]
[EventType "swiss"]
[EventRounds "9"]
[EventCountry "ESP"]
[Source "lmi"]
[SourceDate "2010.07.26"]

1. e4 c5 2. Ne2 Nc6 3. Nbc3 g6 4. d4 cxd4 5. Nxd4 Bg7 6. Nb3 d6 7. Bc4 Nf6 8.
O-O O-O 9. Re1 Be6 10. Nd5 Rc8 11. Bf1 Ne5 12. c3 Nc4 13. a4 Bxd5 14. exd5 Nb6
15. g4 a5 16. Bg2 Nc4 17. Nd4 Nb6 18. Nb5 Rc5 19. Be3 Rxd5 20. Bxd5 Nbxd5 21.
g5 Nxe3 22. Rxe3 Nh5 23. Qd5 e6 24. Qxb7 Qxg5+ 25. Qg2 Qc5 26. Re4 d5 27. Rh4
Qe7 28. Qh3 f5 29. Rxh5 gxh5 30. Qxh5 Rf6 31. Re1 Rg6+ 32. Kf1 Qc5 33. Qh4 Rg4
34. Qd8+ Bf8 35. b3 Rg6 36. h4 Qe7 37. Qxe7 Bxe7 38. Nd4 Kf7 39. Nc6 Bf6 40.
Rc1 f4 41. Nxa5 f3 42. Rd1 Bxc3 43. Nb7 e5 44. Rd3 d4 45. Nc5 Rg4 46. Rxf3+ Ke7
47. Rf5 Kd6 48. Nd3 e4 49. Rf4 Rxf4 50. Nxf4 Ke5 51. Nh3 d3 52. Ng5 Kf4 53.
Ne6+ Kf3 54. Ng5+ Kf4 55. Ne6+ 1/2-1/2

[Event "España ch 2010 sub18"]
[Site "Linares ESP"]
[Date "2010.07.29"]
[Round "6.2"]
[White "Alonso Rosell, Alvar"]
[Black "Martin Fuentes, Alberto"]
[Result "0-1"]
[WhiteElo "2521"]
[BlackElo "2297"]
[PlyCount "110"]
[EventDate "2010.07.26"]
[EventType "swiss"]
[EventRounds "9"]
[EventCountry "ESP"]
[Source "lmi"]
[SourceDate "2010.07.26"]

1. d4 Nf6 2. c4 c5 3. d5 b5 4. Qc2 g6 5. e4 d6 6. cxb5 Bg7 7. Nc3 O-O 8. a4 a6
9. Rb1 axb5 10. Bxb5 Ba6 11. Nf3 Bxb5 12. axb5 Nbd7 13. h3 Ne8 14. O-O Qa5 15.
Bg5 f6 16. Bd2 Ne5 17. Nxe5 fxe5 18. Qd3 Nc7 19. Qc4 Qb4 20. Qe2 Rab8 21. Qg4
Rf7 22. Qe2 Nxb5 23. Nxb5 Qxb5 24. Qe3 Qc4 25. Bc3 Rff8 26. Rfe1 Bf6 27. g3 Ra8
28. Kg2 Bg7 29. h4 Rf7 30. Rbc1 Raf8 31. Qe2 Rxf2+ 32. Qxf2 Rxf2+ 33. Kxf2 Bh6
34. Ra1 Qd3 35. Re2 g5 36. hxg5 Bxg5 37. Rae1 h5 38. Rh1 h4 39. gxh4 Bf4 40.
Rg1+ Kf7 41. Rg2 Qh3 42. Be1 Qxh4+ 43. Kg1 Qh3 44. Bd2 Ke8 45. Be1 Qf3 46. Bd2
Bxd2 47. Rxd2 Qxe4 48. Rge2 Qf3 49. Rf2 Qg3+ 50. Kf1 e4 51. Rde2 e3 52. Rg2
Qf3+ 53. Kg1 e6 54. dxe6 Ke7 55. Re1 d5 0-1

[Event "España ch 2010 sub18"]
[Site "Linares ESP"]
[Date "2010.07.29"]
[Round "6.3"]
[White "Vazquez Torres, Adrian"]
[Black "Forcen Esteban, Daniel"]
[Result "1/2-1/2"]
[WhiteElo "2210"]
[BlackElo "2379"]
[PlyCount "73"]
[EventDate "2010.07.26"]
[EventType "swiss"]
[EventRounds "9"]
[EventCountry "ESP"]
[Source "lmi"]
[SourceDate "2010.07.26"]

1. e4 c5 2. Nf3 d6 3. c3 Nf6 4. Be2 g6 5. O-O Bg7 6. Re1 O-O 7. Bf1 a6 8. d4
cxd4 9. cxd4 d5 10. e5 Ne4 11. Nc3 Nxc3 12. bxc3 Nc6 13. a4 Na5 14. Ba3 Bd7 15.
Qb1 Re8 16. Bd3 e6 17. Bc5 Qc8 18. Qb6 Nc6 19. Nd2 Nb8 20. Nb3 Bc6 21. Bd6 Nd7
22. Qb4 b6 23. c4 dxc4 24. Bxc4 Qb7 25. f3 Rec8 26. a5 b5 27. Bd3 Bh6 28. Nc5
Nxc5 29. dxc5 Bf8 30. Be4 Bxe4 31. Rxe4 Rc6 32. Rd1 Rac8 33. Red4 Qa7 34. Kf1
Bg7 35. Qe1 h6 36. Qh4 Kh7 37. Qe4 1/2-1/2

[Event "España ch 2010 sub18"]
[Site "Linares ESP"]
[Date "2010.07.29"]
[Round "6.4"]
[White "Silva Rodriguez, Julio"]
[Black "Pardo Simon, David"]
[Result "0-1"]
[WhiteElo "2126"]
[BlackElo "2354"]
[PlyCount "78"]
[EventDate "2010.07.26"]
[EventType "swiss"]
[EventRounds "9"]
[EventCountry "ESP"]
[Source "lmi"]
[SourceDate "2010.07.26"]

1. e4 c5 2. Nf3 e6 3. d4 cxd4 4. Nxd4 a6 5. Nc3 Qc7 6. g3 Bb4 7. Nde2 Nf6 8.
Bg2 Be7 9. O-O Nc6 10. h3 d6 11. g4 O-O 12. f4 Nd7 13. g5 Re8 14. h4 b5 15. a3
Nb6 16. f5 Ne5 17. Nf4 Bf8 18. fxe6 fxe6 19. Nd3 Nbd7 20. Qe1 Bb7 21. Qg3 Kh8
22. h5 Be7 23. Bf4 Rf8 24. Bh3 Nxd3 25. cxd3 Nc5 26. Rae1 e5 27. Bc1 a5 28. g6
b4 29. Ne2 Ba6 30. h6 Bf6 31. Rf3 Nxe4 32. hxg7+ Bxg7 33. Qh4 Bf6 34. Qxe4 Bb7
35. Qg4 Bxf3 36. Qxf3 Bh4 37. Qd5 Bxe1 38. Bh6 hxg6 39. Bxf8 Rxf8 0-1

[Event "España ch 2010 sub18"]
[Site "Linares ESP"]
[Date "2010.07.29"]
[Round "6.5"]
[White "Herrera Delgado, Alejandro"]
[Black "Martinez Ramirez, Erik"]
[Result "1-0"]
[WhiteElo "2316"]
[BlackElo "2216"]
[PlyCount "53"]
[EventDate "2010.07.26"]
[EventType "swiss"]
[EventRounds "9"]
[EventCountry "ESP"]
[Source "lmi"]
[SourceDate "2010.07.26"]

1. e4 c5 2. Nf3 Nc6 3. Nc3 g6 4. d4 cxd4 5. Nxd4 Bg7 6. Be3 Nf6 7. Bc4 O-O 8.
Bb3 d6 9. f3 Bd7 10. Qd2 Nxd4 11. Bxd4 b5 12. h4 a5 13. h5 a4 14. Bd5 b4 15.
Bxf6 exf6 16. Ne2 Rc8 17. hxg6 hxg6 18. Nf4 f5 19. g4 Qf6 20. Rd1 Qxb2 21. Qh2
Rfe8 22. Qh7+ Kf8 23. Bxf7 Rxc2 24. O-O Kxf7 25. Rxd6 Bb5 26. gxf5 Rc7 27. f6
1-0

[Event "España ch 2010 sub18"]
[Site "Linares ESP"]
[Date "2010.07.29"]
[Round "6.6"]
[White "Collado Barbas, Laura"]
[Black "Coll Ortega, Jordi"]
[Result "0-1"]
[WhiteElo "2051"]
[BlackElo "2248"]
[PlyCount "66"]
[EventDate "2010.07.26"]
[EventType "swiss"]
[EventRounds "9"]
[EventCountry "ESP"]
[Source "lmi"]
[SourceDate "2010.07.26"]

1. d4 Nf6 2. c4 e6 3. Nc3 Bb4 4. Qc2 O-O 5. a3 Bxc3+ 6. Qxc3 d5 7. cxd5 Ne4 8.
Qc2 exd5 9. Bf4 Nc6 10. e3 Re8 11. Nf3 g5 12. Bg3 g4 13. Ne5 Nxe5 14. Bxe5 c5
15. Bd3 Bf5 16. O-O c4 17. Bxe4 Bxe4 18. Qd2 Qg5 19. Bf4 Qh5 20. Qd1 Bd3 21.
Re1 Re6 22. Qa4 Rb6 23. Ra2 Qf5 24. Qd1 h5 25. f3 gxf3 26. gxf3 Kh7 27. Kf2 Rg8
28. Rg1 Rbg6 29. Rxg6 Qxg6 30. Ra1 Qg2+ 31. Ke1 Qxb2 32. Bg3 h4 33. f4 Kh6 0-1

[Event "España ch 2010 sub18"]
[Site "Linares ESP"]
[Date "2010.07.29"]
[Round "6.7"]
[White "Alcaraz Ortega, Javier"]
[Black "Gil Quilez, David"]
[Result "0-1"]
[WhiteElo "2242"]
[BlackElo "2133"]
[PlyCount "178"]
[EventDate "2010.07.26"]
[EventType "swiss"]
[EventRounds "9"]
[EventCountry "ESP"]
[Source "lmi"]
[SourceDate "2010.07.26"]

1. d4 f5 2. Bf4 Nf6 3. e3 g6 4. h4 Bg7 5. h5 c5 6. h6 Bf8 7. d5 Qa5+ 8. Nc3 d6
9. Qd2 a6 10. Be2 b5 11. Bf3 Nbd7 12. Nh3 Nb6 13. b3 Bb7 14. Bg5 Nfxd5 15. Nf4
Qxc3 16. Qxc3 Nxc3 17. Bxb7 Ra7 18. Bc6+ Kf7 19. a4 b4 20. a5 Nd7 21. Ne2 Nxe2
22. Kxe2 e6 23. Rad1 Be7 24. Bf4 d5 25. f3 Rc8 26. Ba4 g5 27. Bh2 Kg6 28. e4
fxe4 29. fxe4 Nf6 30. exd5 Nxd5 31. Be5 Bf6 32. Bxf6 Kxf6 33. Kf3 Ke7 34. Rde1
Kd6 35. Kg4 Rf7 36. Re2 Rf4+ 37. Kg3 Rg8 38. Rhe1 Rf6 39. Rh1 Rgg6 40. Be8 Rg8
41. Ba4 Rf4 42. Rhe1 Rg6 43. Rh1 Rh4 44. Rxh4 gxh4+ 45. Kxh4 Rxh6+ 46. Kg4 Rg6+
47. Kf3 Rf6+ 48. Kg3 Rf8 49. Rd2 Rg8+ 50. Kf3 h5 51. g3 Rf8+ 52. Ke4 h4 53.
gxh4 Rf4+ 54. Kd3 Rd4+ 55. Ke2 Rxh4 56. Be8 Ke5 57. Kd3 Rh3+ 58. Ke2 Nc3+ 59.
Kf1 Rh1+ 60. Kg2 Ra1 61. Bg6 Rxa5 62. Bd3 Ra1 63. Kf3 a5 64. Rh2 a4 65. Rh5+
Kd6 66. bxa4 Rxa4 67. Bc4 Ra1 68. Ke3 Re1+ 69. Kd2 Rd1+ 70. Ke3 Rd4 71. Bb3 Rg4
72. Kd3 Rd4+ 73. Ke3 Nd5+ 74. Bxd5 Rxd5 75. Rh4 Rg5 76. Kd3 Rg3+ 77. Kd2 Kd5
78. Rh8 Rg2+ 79. Kd1 e5 80. Rd8+ Kc4 81. Re8 Kd4 82. Rd8+ Kc3 83. Rd3+ Kc4 84.
Re3 Kd4 85. Rd3+ Ke4 86. Rd8 Rg3 87. Rc8 Kd4 88. Rd8+ Kc3 89. Rd5 c4 0-1

[Event "España ch 2010 sub18"]
[Site "Linares ESP"]
[Date "2010.07.29"]
[Round "6.8"]
[White "Chueca Forcen, Alberto"]
[Black "Martinez Lopez, David"]
[Result "1-0"]
[WhiteElo "2280"]
[BlackElo "2110"]
[PlyCount "119"]
[EventDate "2010.07.26"]
[EventType "swiss"]
[EventRounds "9"]
[EventCountry "ESP"]
[Source "lmi"]
[SourceDate "2010.07.26"]

1. d4 e6 2. c4 d5 3. Nc3 f5 4. g3 c6 5. Bg2 Nf6 6. Nf3 Bd6 7. O-O O-O 8. Qc2
Ne4 9. b3 Nd7 10. Nd1 f4 11. Nb2 Qe8 12. Nd2 Nxd2 13. Bxd2 Qh5 14. Bf3 Qh3 15.
Nd3 g5 16. Bg2 Qh5 17. Bb4 Bxb4 18. Nxb4 Rf6 19. Nd3 Nf8 20. h3 Ng6 21. g4 Qh6
22. Ne1 Nh4 23. Qc3 Qf8 24. Nf3 Nxf3+ 25. Bxf3 a5 26. a3 Bd7 27. b4 a4 28. Kg2
Be8 29. Rh1 Rh6 30. cxd5 exd5 31. Qc5 Qg7 32. Rab1 Re6 33. b5 Bg6 34. Rb2 Qd7
35. bxc6 bxc6 36. Rb6 Be4 37. Bxe4 dxe4 38. Qxg5+ Rg6 39. Qxf4 Rf8 40. Rb8 Rxb8
41. Qxb8+ Kg7 42. Qe5+ Kh6 43. Qxe4 Re6 44. Qf4+ Kg7 45. Qg5+ Kf7 46. e3 Rf6
47. Rb1 Qe7 48. Qe5 Re6 49. Qf5+ Kg7 50. Rb8 h6 51. h4 Rf6 52. Qe5 Qd7 53. g5
Qg4+ 54. Qg3 Qe4+ 55. Kg1 hxg5 56. hxg5 Re6 57. Qf4 Qd5 58. Qh4 Rg6 59. Qh8+
Kf7 60. Qe8+ 1-0

[Event "España ch 2010 sub18"]
[Site "Linares ESP"]
[Date "2010.07.29"]
[Round "6.9"]
[White "Garcia Gil, Bernardino"]
[Black "Colon Garcia, Enrique"]
[Result "1-0"]
[WhiteElo "2152"]
[BlackElo "2314"]
[PlyCount "155"]
[EventDate "2010.07.26"]
[EventType "swiss"]
[EventRounds "9"]
[EventCountry "ESP"]
[Source "lmi"]
[SourceDate "2010.07.26"]

1. e4 c5 2. Nf3 d6 3. d4 cxd4 4. Nxd4 Nf6 5. Nc3 a6 6. Bg5 e6 7. f4 Qc7 8. Qf3
Nc6 9. Bxf6 gxf6 10. Nb3 Bd7 11. Qh5 Qb6 12. Be2 Qe3 13. Rf1 Rc8 14. Rf3 Qg1+
15. Bf1 Qa7 16. O-O-O b5 17. f5 Ne5 18. fxe6 Bxe6 19. Rg3 Qf2 20. Be2 Qf4+ 21.
Kb1 Qh6 22. Nd4 Qxh5 23. Bxh5 Kd7 24. Nd5 Bxd5 25. exd5 Bh6 26. Ra3 Ra8 27. Rf1
Nc4 28. Rxf6 Nxa3+ 29. bxa3 Rag8 30. Rxh6 Rxg2 31. Bxf7 Rg5 32. h4 Re5 33. Be6+
Kc7 34. Nf3 Re3 35. Ng5 Rf8 36. Rxh7+ Kb6 37. Rf7 Rh8 38. Rh7 Re1+ 39. Kb2 Rxh7
40. Nxh7 Rh1 41. Ng5 Rxh4 42. Nf3 Rf4 43. Ne1 a5 44. Bd7 Re4 45. Nd3 Rd4 46.
Bc6 Rh4 47. Nc1 Re4 48. Nb3 Rh4 49. Nd2 Kc5 50. Nb1 b4 51. Nd2 Rg4 52. Nb3+ Kb6
53. axb4 Rxb4 54. Kc3 Rh4 55. a4 Rh3+ 56. Kc4 Rh4+ 57. Nd4 Rg4 58. Bb5 Rh4 59.
c3 Rh5 60. Ne6 Rh4+ 61. Kd3 Rh3+ 62. Kc4 Rh4+ 63. Kb3 Rh3 64. Nd4 Rh5 65. Bc6
Kc5 66. Ne6+ Kb6 67. Nd8 Rh4 68. Nb7 Rh6 69. Kc4 Rh4+ 70. Kd3 Rh6 71. Ke4 Rh4+
72. Kf5 Rh6 73. Kg5 Rh3 74. c4 Kc7 75. Nxa5 Rc3 76. Bb5 Kb6 77. Nc6 Kc5 78. a5
1-0

[Event "España ch 2010 sub18"]
[Site "Linares ESP"]
[Date "2010.07.29"]
[Round "6.10"]
[White "Herrera Reyes, Jose Antonio"]
[Black "Marcos Pinto, Luis"]
[Result "1/2-1/2"]
[WhiteElo "2151"]
[BlackElo "2240"]
[PlyCount "203"]
[EventDate "2010.07.26"]
[EventType "swiss"]
[EventRounds "9"]
[EventCountry "ESP"]
[Source "lmi"]
[SourceDate "2010.07.26"]

1. e4 e5 2. Nf3 Nc6 3. Bc4 Bc5 4. c3 Nf6 5. d3 d6 6. h3 a6 7. Nbd2 O-O 8. Nf1
Be6 9. Bb3 Ba7 10. Ng3 h6 11. O-O Ne7 12. Bc2 Ng6 13. d4 c6 14. Be3 Qd7 15. Qd2
Bxh3 16. Bxh6 Bxg2 17. Kxg2 gxh6 18. Qxh6 Nf4+ 19. Kg1 Qh3 20. Qxh3 Nxh3+ 21.
Kh2 Nf4 22. Nf5 Rfd8 23. Rg1+ Kf8 24. Rg7 Ne6 25. Rg3 exd4 26. cxd4 Ke8 27. e5
dxe5 28. dxe5 Nd5 29. Rh3 Kd7 30. Nh6 Ndf4 31. Nxf7 Nxh3 32. Bf5 Ke7 33. Nxd8
Rxd8 34. Kxh3 Bxf2 35. Kg2 Bc5 36. Kg3 Nd4 37. Nxd4 Bxd4 38. Kf4 Bxb2 39. Rh1
b5 40. Rh7+ Kf8 41. e6 Re8 42. Rf7+ Kg8 43. Bh7+ Kh8 44. Kf5 Ba3 45. Bg6 Kg8
46. Ra7 Re7 47. Rxa6 Bb2 48. Rxc6 Bd4 49. Rd6 Bc3 50. a3 Bb2 51. Rd3 Kg7 52.
Rb3 Bc1 53. Bf7 Ra7 54. Be8 Bxa3 55. Bd7 Kf8 56. Kf6 Be7+ 57. Kg6 Ba3 58. Kf6
Be7+ 59. Ke5 Ba3 60. Rf3+ Ke7 61. Bxb5 Bb2+ 62. Kd5 Bf6 63. Rh3 Bg7 64. Rg3 Bf6
65. Rg8 Bb2 66. Re8+ Kf6 67. Rf8+ Kg7 68. Rf2 Bc3 69. Bd7 Bf6 70. Kd6 Ra6+ 71.
Bc6 Ra7 72. Bd5 Be7+ 73. Kc6 Bb4 74. Rf4 Ba3 75. Kb6 Re7 76. Rf3 Bb2 77. Kc6
Be5 78. Rf5 Bh2 79. Bc4 Kg6 80. Rf2 Be5 81. Bd3+ Kg7 82. Rg2+ Kf8 83. Kd5 Bc3
84. Kd6 Bb4+ 85. Ke5 Bc3+ 86. Kf5 Ra7 87. Bc4 Rc7 88. Ba2 Ke7 89. Rh2 Kd6 90.
Rh3 Bb2 91. Rb3 Bc3 92. Rb8 Ke7 93. Bb3 Ra7 94. Kg6 Rc7 95. Rb5 Kd6 96. Rf5 Rb7
97. Bd5 Rc7 98. Rf7 Bb4 99. Rf5 Bc3 100. Bb3 Rb7 101. Rd5+ Ke7 102. Rd7+
1/2-1/2

[Event "España ch 2010 sub18"]
[Site "Linares ESP"]
[Date "2010.07.29"]
[Round "6.11"]
[White "Ladron De Guevara Pinto, Paolo"]
[Black "Perera Borrego, Mariela"]
[Result "0-1"]
[WhiteElo "2188"]
[BlackElo "2068"]
[PlyCount "140"]
[EventDate "2010.07.26"]
[EventType "swiss"]
[EventRounds "9"]
[EventCountry "ESP"]
[Source "lmi"]
[SourceDate "2010.07.26"]

1. e4 d6 2. d4 Nf6 3. Nc3 e5 4. Nge2 Be7 5. f3 O-O 6. Be3 exd4 7. Nxd4 d5 8.
exd5 Bb4 9. Qd3 Nxd5 10. Bd2 Re8+ 11. Nde2 Bxc3 12. Bxc3 Ne3 13. Qxd8 Rxd8 14.
Kf2 Nd1+ 15. Ke1 Nxc3 16. Nxc3 Bf5 17. Rc1 Nc6 18. g4 Bg6 19. f4 Re8+ 20. Kf2
Be4 21. Bg2 Bxg2 22. Kxg2 Rad8 23. Rcd1 Rd4 24. Rxd4 Nxd4 25. Rd1 c5 26. Rd2
Kf8 27. Kf2 b6 28. Nd5 Rd8 29. Ne3 Ne6 30. Rxd8+ Nxd8 31. Kf3 Ne6 32. c3 Ke7
33. Ke4 Kd7 34. Nc4 f6 35. h4 Nc7 36. h5 Ke6 37. Ne3 Ne8 38. f5+ Kd7 39. Kf4 h6
40. Ke4 Kc6 41. Ng2 Nd6+ 42. Kf3 Nc4 43. Nf4 Nxb2 44. Ne6 Nd1 45. Nxg7 Kd6 46.
c4 Nb2 47. Ne8+ Ke7 48. Nc7 Nxc4 49. Nb5 Ne5+ 50. Kf4 Nc6 51. Ke4 Kd7 52. Nc3
Ke7 53. a4 Ne5 54. Nb5 a6 55. Nc7 Nxg4 56. Nd5+ Kd6 57. Nxb6 Ne5 58. Nd5 Ng4
59. Nc3 Nf2+ 60. Kf3 Nd3 61. Ke4 Nb4 62. a5 Kc6 63. Nd1 Nd5 64. Nf2 c4 65. Kd4
c3 66. Kd3 Kc5 67. Ng4 Kb4 68. Kc2 Kc4 69. Kc1 Kb3 70. Nf2 Nb4 0-1

[Event "España ch 2010 sub18"]
[Site "Linares ESP"]
[Date "2010.07.29"]
[Round "6.12"]
[White "Subirats Ruiz, Sergi"]
[Black "Baragaño Campa, David"]
[Result "1-0"]
[WhiteElo "2138"]
[BlackElo "2169"]
[PlyCount "87"]
[EventDate "2010.07.26"]
[EventType "swiss"]
[EventRounds "9"]
[EventCountry "ESP"]
[Source "lmi"]
[SourceDate "2010.07.26"]

1. e4 c5 2. Nf3 e6 3. Qe2 Nc6 4. g3 Nge7 5. Bg2 g6 6. h4 h6 7. O-O Bg7 8. c3 d5
9. d3 O-O 10. Re1 b6 11. a4 a5 12. Na3 d4 13. e5 dxc3 14. bxc3 Ra7 15. Bb2 Ba6
16. Nb5 Rd7 17. Rad1 Nd5 18. Qe4 Bxb5 19. axb5 Nce7 20. d4 cxd4 21. Rxd4 Nf5
22. Rd3 Qc7 23. c4 Nb4 24. Rxd7 Qxd7 25. g4 Ne7 26. Ba3 Qd3 27. Qxd3 Nxd3 28.
Bxe7 Nxe1 29. Nxe1 Rc8 30. c5 bxc5 31. Bd6 Bf8 32. b6 Bxd6 33. exd6 Kf8 34. b7
Rb8 35. Kf1 c4 36. Ke2 e5 37. Nc2 f5 38. gxf5 gxf5 39. Bc6 a4 40. Na3 Kf7 41.
Bd5+ Ke8 42. Kd2 Kd7 43. Nxc4 a3 44. Kc2 1-0

[Event "España ch 2010 sub18"]
[Site "Linares ESP"]
[Date "2010.07.29"]
[Round "6.13"]
[White "De La Cruz Revilla, Miguel"]
[Black "Garcia Salamero, Gabriel"]
[Result "0-1"]
[WhiteElo "1994"]
[BlackElo "2157"]
[PlyCount "58"]
[EventDate "2010.07.26"]
[EventType "swiss"]
[EventRounds "9"]
[EventCountry "ESP"]
[Source "lmi"]
[SourceDate "2010.07.26"]

1. e4 c5 2. Nf3 e6 3. d4 cxd4 4. Nxd4 a6 5. Be3 Qc7 6. c4 Nf6 7. Nd2 Nc6 8.
Nxc6 dxc6 9. Qc2 c5 10. Be2 Bd7 11. f4 h5 12. h3 h4 13. O-O Bc6 14. Rad1 O-O-O
15. Bd3 Nh5 16. Nb3 Ng3 17. Rfe1 b6 18. Nc1 Be7 19. Ne2 f6 20. Nxg3 hxg3 21.
Qe2 Rh4 22. Qf3 f5 23. Qxg3 g5 24. Qf2 gxf4 25. Bc1 fxe4 26. Bc2 e3 27. Rxd8+
Qxd8 28. Qf1 Bf6 29. Kh2 Be5 0-1

[Event "España ch 2010 sub18"]
[Site "Linares ESP"]
[Date "2010.07.29"]
[Round "6.14"]
[White "Fernandez Garcia, Jose Miguel"]
[Black "Jimenez Capilla, Martin R"]
[Result "1-0"]
[WhiteElo "2252"]
[BlackElo "2038"]
[PlyCount "89"]
[EventDate "2010.07.26"]
[EventType "swiss"]
[EventRounds "9"]
[EventCountry "ESP"]
[Source "lmi"]
[SourceDate "2010.07.26"]

1. e4 c5 2. Nf3 d6 3. d4 cxd4 4. Nxd4 Nf6 5. Nc3 g6 6. Be3 Bg7 7. f3 O-O 8. Bc4
Nc6 9. Qd2 Bd7 10. O-O-O Rc8 11. Bb3 Nxd4 12. Bxd4 b5 13. h4 a5 14. h5 a4 15.
Bxf6 exf6 16. Bd5 b4 17. hxg6 hxg6 18. Ne2 f5 19. Nd4 fxe4 20. fxe4 Bg4 21.
Rdf1 Qb6 22. Qf4 Rc7 23. Nc6 Be6 24. Qh4 Re8 25. Qh7+ Kf8 26. Qxg6 Bxd5 27.
Qxd6+ Ree7 28. exd5 b3 29. Qd8+ Re8 30. Qd6+ Ree7 31. axb3 axb3 32. Qd8+ Re8
33. Rxf7+ Kxf7 34. Rf1+ Kg6 35. Qxe8+ Kg5 36. Qd8+ Kg6 37. Qe8+ Kg5 38. Qe4 Bh6
39. cxb3 Qxb3 40. Kb1 Rb7 41. Qf5+ Kh4 42. g3+ Kxg3 43. Rg1+ Kh2 44. Qf2+ Kh3
45. Qg2+ 1-0

[Event "España ch 2010 sub18"]
[Site "Linares ESP"]
[Date "2010.07.29"]
[Round "6.15"]
[White "Cruz Lledo, Pablo"]
[Black "Triadu Cassa, Jordi"]
[Result "1-0"]
[WhiteElo "2239"]
[BlackElo "2025"]
[PlyCount "109"]
[EventDate "2010.07.26"]
[EventType "swiss"]
[EventRounds "9"]
[EventCountry "ESP"]
[Source "lmi"]
[SourceDate "2010.07.26"]

1. d4 d5 2. Nf3 Nf6 3. e3 g6 4. c4 c6 5. Nc3 Bg7 6. Ne5 O-O 7. Be2 dxc4 8. Bxc4
b5 9. Bd3 Bb7 10. O-O Nbd7 11. Nxd7 Nxd7 12. f4 a6 13. Ne4 Rc8 14. b4 c5 15.
bxc5 Nxc5 16. Nxc5 Rxc5 17. Bb2 Rc7 18. Qe2 Qd7 19. Rad1 Rfc8 20. f5 Bd5 21.
Ba3 Rc3 22. Bc5 Rxd3 23. Qxd3 Bc4 24. Qa3 Bxf1 25. Rxf1 gxf5 26. Bxe7 Rc2 27.
Qb3 Re2 28. Bg5 Qc6 29. d5 Qc4 30. Qxc4 bxc4 31. d6 Rd2 32. Rxf5 Rxd6 33. Rc5
h6 34. Bf4 Rd1+ 35. Kf2 c3 36. a4 Ra1 37. Rc4 Kh7 38. Kf3 Ra2 39. e4 Ra3 40. e5
c2+ 41. Ke4 Ra2 42. g4 c1=Q 43. Bxc1 Re2+ 44. Kd5 Bxe5 45. Rc6 a5 46. Rxh6+ Kg7
47. h4 Bb2 48. Rc6 Bxc1 49. Rxc1 Rh2 50. h5 Rf2 51. Rc5 Rf4 52. Rc4 Rf1 53. Kc6
Rb1 54. g5 Rb2 55. Rc5 1-0